000 00200nam a22000857a 4500
001 1243141
005 20251016104048.0
245 _aHADİ AMA BABA
_cCHRISTINE NÖSTLINGER
260 _bGÜNIŞIĞI YAYINLARI
999 _c1243141
_d1243141